000 00759cam a22002293a 4500
001 26946
003 PGUSA
005 20140828083600.0
008 081018s2008||||xxu|||||s|||||000 | eng d
040 _aPGUSA
_beng
042 _adc
050 4 _aE300
100 1 _aTrumbull, J. Hammond
_q(James Hammond),
_d1821-1897
245 1 4 _aThe Defence of Stonington (Connecticut) Against a British Squadron, August 9th to 12th, 1814
_h[electronic resource] /
_cJ. Hammond Trumbull
260 _bProject Gutenberg,
_c2008
506 _aPublic domain in the USA.
516 _aElectronic text
653 _aStonington (Conn.) -- History -- Bombardment, 1814
830 0 _aProject Gutenberg
_v26946
856 4 0 _uhttp://www.gutenberg.org/ebooks/26946
942 _cEB
999 _c256201
_d256201